000
00269nam a2200133Ia 4500
100
_a
Mehta/s V.G
650
_a
income tax
942
_c
BK
245
_a
Income tax Ready reconer-2014-2015
260
_b
#N/A
082
_a
343
_b
MEH
546
_a
ENGLISH
999
_c
29200
_d
29200